| 000 | 01639cam a22002653a 4500 | ||
|---|---|---|---|
| 001 | 31754 | ||
| 003 | PGUSA | ||
| 005 | 20140828083703.0 | ||
| 008 | 100324s2010||||xxu|||||s|||||000 1 eng d | ||
| 040 |
_aPGUSA _beng |
||
| 042 | _adc | ||
| 050 | 4 | _aPN | |
| 245 | 1 | 0 |
_aDevil Stories : _bAn Anthology _h[electronic resource] |
| 260 |
_bProject Gutenberg, _c2010 |
||
| 505 | 0 | _aThe devil in a nunnery, by F.O. Mann -- Belphagor; or, The marriage of the devil, by N. Machiavelli -- The devil and Tom Walker, by W. Irving -- From the memoirs of Satan, by W. Hauff -- St. John's eve, by N.V. Gógol; tr. by Isabel F. Hapgood -- The devil's wager, by W.M. Thackeray -- The painter's bargain, by W.M. Thackeray -- Bon-Bon, by E.A. Poe -- The printer's devil, anonymous -- The devil's mother-in-law, by F. Caballero; tr. by J.H. Ingram -- The generous gambler, by C.P. Baudelaire; tr. by A. Symons -- The three low masses, by A. Daudet; tr. by R. Routledge -- Devil-puzzlers, by F.B. Perkins -- The devil's round, by C. Deulin; tr. by Isabel Bruce -- The legend of Mont St.-Michel, by G. de Maupassant -- The demon pope, by R. Garnett -- Madam Lucifer, by R. Garnett -- Lucifer, by A. France; tr. by A. Allinson -- The devil, by M. Górky; tr. by L. Wiener -- The devil and the old man, by J. Masefield. | |
| 506 | _aPublic domain in the USA. | ||
| 516 | _aElectronic text | ||
| 653 | _aShort stories | ||
| 653 | _aDevil -- Fiction | ||
| 653 | _aDevil in literature | ||
| 700 | 1 |
_aRudwin, Maximilian J. _q(Maximilian Josef), _d1885- |
|
| 830 | 0 |
_aProject Gutenberg _v31754 |
|
| 856 | 4 | 0 | _uhttp://www.gutenberg.org/ebooks/31754 |
| 942 | _cEB | ||
| 999 |
_c261009 _d261009 |
||